000 00504nam a2200181Ia 4500
005 20250508150233.0
008 008 250505s9999 xx 000 0 eng d
037 _aTextual
040 _aFEDL
_beng
_cFEDL
041 _aeng
_2eng
084 _a304, RUS
_qFEDL
100 _aRussell Bertrand
245 0 _aPraise of idleness and other essays
260 _aLondon, UK
_bGeorge Allen and Unwin Limited
_c1935
300 _a231p.
942 _cTEXL
_h304, RUS
999 _c1322564
_d1322564